000
00315cam a22001217a 4500
008
180718b1969 xxu||||| |||| 00| 0 eng d
082
_a
B2 Av16
100
_a
Avasthi, Rajendra
245
_a
Nature of politics
_c
by Rajendra Avasthi
260
_a
Bombay
_b
Asia
_c
1969
300
_a
160p.
650
_a
Political Science.
999
_c
358818
_d
358818